| 000 | 00557nam a2200205 a 4500 | ||
|---|---|---|---|
| 008 | |||
| 020 | _a0900700513 (pbk.) | ||
| 049 | _aMAIN | ||
| 090 | _aRC86.8 SAI | ||
| 100 | 1 | _aSt. John Ambulance. | |
| 245 | 1 | 0 |
_aEmergence aid at work / _cSt. John Ambulance. |
| 260 |
_aLondon : _bThe Order of St. John, _cc1990. |
||
| 300 |
_a69 p. ; _c21 cm. |
||
| 500 | _aIncludes index. | ||
| 907 |
_a.b10230403 _b12-02-07 _c12-02-07 |
||
| 003 | |||
| 005 | 20230120203942.0 | ||
| 040 | _cNUST | ||
| 942 |
_cBOOKS _kRC86.8 SAI |
||
| 999 |
_c114461 _d114461 |
||